Musa obrera: historia, balance y desafíos de la clase trabajaora en el Centenario del 1 de Mayo en Costa Rica, 1913-2013 /
Guardado en:
| Hovedforfatter: | |
|---|---|
| Andre forfattere: | , , , , , , , |
| Format: | Ukendt |
| Sprog: | Spanish |
| Udgivet: |
Costa Rica :
CIHAC; SIEDIN
|
| Fag: | |
| Tags: |
Tilføj Tag
Ingen Tags, Vær først til at tagge denne postø!
|
MARC
| LEADER | 00000 a2200000 04500 | ||
|---|---|---|---|
| 001 | 48734 | ||
| 003 | cru CIDCACS/IIS | ||
| 005 | 20171116144951.0 | ||
| 008 | 050707s2015 cr spa d | ||
| 999 | |c 12233 |d 12233 | ||
| 020 | |a 916-9968-919-21-0 | ||
| 022 | |a 916-9968-919-21-0 | ||
| 040 | |c CIDCACS/IIS | ||
| 090 | |a 05.03.05 T693m | ||
| 100 | |a Torres Montiel, Mario | ||
| 245 | |a Musa obrera: |b historia, balance y desafíos de la clase trabajaora en el Centenario del 1 de Mayo en Costa Rica, 1913-2013 / |c Mario Torres Montiel y Juan José Marín Hernández, compiladores | ||
| 260 | |a Costa Rica : |b CIHAC; SIEDIN | ||
| 300 | |a 320 páginas | ||
| 650 | |a CLASE OBRERA | ||
| 650 | |2 Macrothesaurus de la OCDE | ||
| 650 | |a MOVIMIENTOS SOCIALES | ||
| 650 | |2 Macrothesaurus de la OCDE | ||
| 650 | |a SINDICATOS | ||
| 650 | |2 Macrothesaurus de la OCDE | ||
| 650 | |a HISTORIA SOCIAL | ||
| 650 | |2 Macrothesaurus de la OCDE | ||
| 651 | |a COSTA RICA | ||
| 700 | |a Marín Hernández, Juan José | ||
| 700 | |a Rojas Sandoval, Francisco | ||
| 700 | |a Díaz Arias, David | ||
| 700 | |a Contreras Alvarez, Gerardo | ||
| 700 | |a Hernández Rodríguez, Carlos | ||
| 700 | |a Cerdas Albertazi, José Manuel | ||
| 700 | |a Rojas Valverde, Alvaro | ||
| 700 | |a Cabezas Mora, Carlos José | ||
| 942 | |2 ddc |c LI | ||



